Kỹ thuật mới xi mạ & phun phủ
Nêu lên các khái niệm và các tính chất nguyên lý hoạt động của chất mạ và phun phủ để từ đó có các phuơng pháp cũng như kỹ thuật xi mạ và phun phủ mới nhất và hiệu quả nhất.
محفوظ في:
| المؤلف الرئيسي: | |
|---|---|
| التنسيق: | كتاب |
| اللغة: | Undetermined |
| منشور في: |
Hà Nội
Giao thông vận tải
2005
|
| الموضوعات: | |
| الوسوم: |
إضافة وسم
لا توجد وسوم, كن أول من يضع وسما على هذه التسجيلة!
|
| Thư viện lưu trữ: | Trung tâm Học liệu Trường Đại học Cần Thơ |
|---|
| LEADER | 00884nam a2200205Ia 4500 | ||
|---|---|---|---|
| 001 | CTU_159380 | ||
| 008 | 210402s9999 xx 000 0 und d | ||
| 020 | |c 32000 | ||
| 082 | |a 667.6 | ||
| 082 | |b Tr561 | ||
| 100 | |a Nguyễn, Việt Trường | ||
| 245 | 0 | |a Kỹ thuật mới xi mạ & phun phủ | |
| 245 | 0 | |c Nguyễn Việt Trường | |
| 260 | |a Hà Nội | ||
| 260 | |b Giao thông vận tải | ||
| 260 | |c 2005 | ||
| 520 | |a Nêu lên các khái niệm và các tính chất nguyên lý hoạt động của chất mạ và phun phủ để từ đó có các phuơng pháp cũng như kỹ thuật xi mạ và phun phủ mới nhất và hiệu quả nhất. | ||
| 650 | |a Metal coating,Phủ kim loại | ||
| 904 | |i mtbhai80, Trọng Hiếu | ||
| 980 | |a Trung tâm Học liệu Trường Đại học Cần Thơ | ||